00470nam a2200157 i 4500001001100000003000500011005001700016008004100033040002500074245007400099264004900173336002100222337002500243338002300268500002100291C2-0324289PPAK20180729001409.0131208s2002 cc |||| ||||| | chi d aPPAKbengcPPAKerda10aEr shi ji xiao xue sheng shi wan ke wei shen me : bwo meng de di qiu 1aGuan Zhou : bGuan zhou chu ban she , c2002 2rdacontentatext 2rdamediaaunmediated 2rdacarrieravolume a+ book A01261606